| 000 | 00800nam a2200217 a 4500 | ||
|---|---|---|---|
| 001 | 000005182 | ||
| 003 | OSt | ||
| 005 | 20201005155731.0 | ||
| 008 | 090805s1990 dr 000 0 spa d | ||
| 040 |
_aDO-SdBNP _bspa _cBNPHU |
||
| 082 |
_aXXXX _bB171s |
||
| 245 | 0 | 3 |
_aEl balance social de la empresa : _bpresentación para la República Dominicana / _cintroducción y adaptación Pablo Nadal Salas ; revisión Frank Roca, Bienvenido de la Cruz. |
| 260 |
_aSanto Domingo : _bConfederación Patronal de la República Dominicana, _c1990. |
||
| 300 |
_a121 p. ; _c22 cm. |
||
| 590 | _aInventariado, 2020/VM | ||
| 700 | 1 |
_aNadal Salas, Pedro, _eintr. y adaptación _914835 |
|
| 700 | 1 |
_aRoca, Frank, _erev. _914836 |
|
| 700 | 1 |
_aCruz, Bienvenido de la, _erev. _914837 |
|
| 942 |
_2ddc _cLF1 |
||
| 956 | _aVMateo | ||
| 999 |
_c4985 _d4985 |
||